Maillots équipes coupe du monde 2022. - Statistiques

Statistiques générales
  • Ce quiz a été pris 1 265 fois
    1 239 depuis la dernière actualisation
  • Le résultat moyen est 27 sur 32
Statistiques - réponses
Par images Réponse % Correct
Maroc
98%
Brésil
97%
France
97%
Argentine
95%
Suisse
95%
Croatie
94%
Espagne
94%
Belgique
93%
Canada
93%
Portugal
93%
Allemagne
91%
Angleterre
91%
Etats-Unis
91%
Pays-Bas
91%
Japon
89%
Qatar
89%
Sénégal
86%
Uruguay
86%
Australie
84%
Pologne
82%
Cameroun
81%
Iran
80%
Mexique
80%
Ghana
79%
Pays de Galles
76%
Tunisie
75%
Arabie Saoudite
72%
Danemark
71%
Corée du Sud
68%
Costa Rica
65%
Equateur
64%
Serbie
53%
Aucun quiz correspondant
Distribution des résultats
% des personnes avec chaque résultat
Percentile par nombre de réponses
Votre historique - résultats
Vous n’avez pas pris ce quiz depuis la dernière actualisation